La evolución y la filosofía cristiana / (Record no. 154555)

MARC details
000 -LEADER
campo de control de longitud fija 00855nam a2200229 4500
001 - NÚMERO DE CONTROL
campo de control 154555
003 - IDENTIFICADOR DE NÚMERO DE CONTROL
campo de control ES-MaACL
005 - FECHA Y HORA DE LA ÚLTIMA TRANSACCIÓN
campo de control 20230906205757.0
008 - DATOS DE LONGITUD FIJA--INFORMACIÓN GENERAL
campo de control de longitud fija 950316s1898 sp |||| | spa d
040 ## - FUENTE DE CATALOGACIÓN
Centro catalogador/agencia de origen EUS
Lengua de catalogación spa
Centro/agencia transcriptor EUS
100 1# - ENTRADA PRINCIPAL--NOMBRE DE PERSONA
Nombre de persona González-Arintero, Juan.
9 (RLIN) 139729
245 13 - MENCIÓN DEL TÍTULO
Título La evolución y la filosofía cristiana /
Mención de responsabilidad, etc. por Juan T. González de Arintero.
260 ## - PUBLICACIÓN, DISTRIBUCIÓN, ETC.
Lugar de publicación, distribución, etc. Madrid :
Nombre del editor, distribuidor, etc. Librería de Gregorio del Amo,
Fecha de publicación, distribución, etc. 1898 (
Lugar de fabricación/manufactura Gijón :
Fabricante Tip. de la Industria)
300 ## - DESCRIPCIÓN FÍSICA
Extensión X, 194, 559 p. ;
Dimensiones 25 cm.
505 8# - NOTA DE CONTENIDO CON FORMATO
Nota de contenido con formato Contiene: Introducción general y Libro primero, La evolución y la mutabilidad de las especies orgánicas
597 #1 - NOTA DE DESCRIPCIÓN FÍSICA
NOTA DE DESCRIPCIÓN FÍSICA Signaturizado.
597 #1 - NOTA DE DESCRIPCIÓN FÍSICA
NOTA DE DESCRIPCIÓN FÍSICA Antep.
597 #1 - NOTA DE DESCRIPCIÓN FÍSICA
NOTA DE DESCRIPCIÓN FÍSICA Port. con esc. xil.
599 #1 - NOTA A LAS ILUSTRACIONES
NOTA A LAS ILUSTRACIONES Viñetas en cabecera y final de capítulo.
752 ## - ENTRADA AGREGADA--NOMBRE JERÁRQUICO DEL LUGAR
País o entidad superior España -
Ciudad Madrid
852 ## - LOCALIZACIÓN
Ubicación ES-MaACL
Número de control de estantería F-11069
Nota libre -- Enc. hol.
Holdings
Estatus retirado Estado de pérdida Estado de daño No para préstamo Colección Biblioteca de origen Biblioteca actual Ubicación en estantería Fecha de adquisición Fuente de adquisición Total de préstamos Signatura topográfica completa Código de barras Visto por última vez Precio de reemplazo Tipo de ítem Koha
        Libros del s. XIX Biblioteca del Ateneo de Madrid Biblioteca del Ateneo de Madrid Sala Pecera Planta 2 17/01/2008     F-11069 1161643 23/02/2023 23/02/2023 Libro impreso antiguo